000 00282nam a2200109Ia 4500
008 180219s9999 xx 000 0 und d
020 _a9780815365105
100 _aWhite, David
245 _aClinical chemistry /
260 _aUSA :
_bGarland science
_c2017
300 _axii, 587 pages
999 _c356025
_d356025